Modern rice - milling technology
Đã lưu trong:
| Tác giả chính: | |
|---|---|
| Định dạng: | Sách |
| Ngôn ngữ: | Undetermined |
| Được phát hành: |
[Tokyo]
Universsity Of Tokyo Press
1990
|
| Những chủ đề: | |
| Các nhãn: |
Thêm thẻ
Không có thẻ, Là người đầu tiên thẻ bản ghi này!
|
| Thư viện lưu trữ: | Trung tâm Học liệu Trường Đại học Cần Thơ |
|---|
| LEADER | 00508nam a2200181Ia 4500 | ||
|---|---|---|---|
| 001 | CTU_123031 | ||
| 008 | 210402s9999 xx 000 0 und d | ||
| 082 | |a 338.17318 | ||
| 082 | |b S253 | ||
| 100 | |a Satake, Toshihiko | ||
| 245 | 0 | |a Modern rice - milling technology | |
| 245 | 0 | |c Toshihiko Satake | |
| 260 | |a [Tokyo] | ||
| 260 | |b Universsity Of Tokyo Press | ||
| 260 | |c 1990 | ||
| 650 | |a Rice,Rice - milling | ||
| 904 | |i M.Loan, Huỳnh Mai | ||
| 980 | |a Trung tâm Học liệu Trường Đại học Cần Thơ | ||